000 00232nam a2200097Ia 4500
008 240331s9999 xx 000 0 und d
082 _a303.6
_bSRI
100 _aHarris, E. ed
245 0 _aSri Lanka :
_bmaking peace possible
942 _cL
999 _c1265
_d1265